[Event "Niedersachsen-ch B"]
[Site "Verden"]
[Date "2010.01.04"]
[Round "4.1"]
[White "Struessmann, Frank"]
[Black "Herrmann, Andreas"]
[Result "1/2-1/2"]
[WhiteElo "2276"]
[BlackElo "2171"]
[PlyCount "102"]
[EventDate "2010.01.??"]
[EventType "swiss"]
[EventRounds "7"]
[EventCountry "GER"]
[SourceDate "2005.10.24"]

1. Nf3 Nf6 2. d4 c5 3. e3 e6 4. Nbd2 Nc6 5. c3 b6 6. Bd3 Bb7 7. O-O Be7 8. Qe2
O-O 9. Rd1 Qc7 10. e4 cxd4 11. Nxd4 d6 12. Nxc6 Bxc6 13. Nf1 Nd7 14. Bb5 Bb7
15. Ba6 Bxa6 16. Qxa6 Rfc8 17. Qe2 Qc4 18. Qxc4 Rxc4 19. f3 g6 20. Bf4 Rc6 21.
Rd2 Nf6 22. Rad1 Ne8 23. Rd3 Rac8 24. Ne3 b5 25. Kf1 a5 26. Ke2 h5 27. h3 f5
28. exf5 gxf5 29. g4 fxg4 30. hxg4 b4 31. c4 hxg4 32. fxg4 a4 33. b3 Ra8 34.
Kf3 Bf8 35. R1d2 axb3 36. axb3 Ra7 37. Nc2 Rb6 38. Re2 e5 39. Be3 Rf7+ 40. Kg3
Rbb7 41. Bd2 Nf6 42. Bxb4 Rg7 43. Kf2 {(=)} Rxg4 44. Rg3 Rxg3 45. Kxg3 Nh5+ 46.
Kf3 Rf7+ 47. Kg4 Nf6+ 48. Kh3 Rh7+ 49. Kg3 Nh5+ 50. Kf3 Nf4 51. Rd2 Rh3+
1/2-1/2

[Event "Niedersachsen-ch B"]
[Site "Verden"]
[Date "2010.01.04"]
[Round "4.2"]
[White "Holloway, Timo"]
[Black "Niehaus, Stephan"]
[Result "0-1"]
[WhiteElo "2122"]
[BlackElo "2108"]
[PlyCount "60"]
[EventDate "2010.01.??"]
[EventType "swiss"]
[EventRounds "7"]
[EventCountry "GER"]
[SourceDate "2005.10.24"]

1. e4 c5 2. Nf3 e6 3. c3 Nf6 4. e5 Nd5 5. d4 cxd4 6. cxd4 b6 7. Bd3 Bb7 8. O-O
Nb4 9. Be2 Be7 10. Nc3 O-O 11. a3 Nd5 12. Bd3 Nxc3 13. bxc3 d6 14. Re1 Nd7 15.
Bf4 Qc7 16. Re3 g6 17. h4 Bxf3 18. Qxf3 dxe5 19. dxe5 Bxh4 20. Kh2 Qd8 21. Rd1
Qe7 22. Qg4 h5 23. Qh3 Bxf2 24. Rf3 Qh4 25. Rxf2 Qxf2 26. Be3 Qa2 27. Bb1 Qb3
28. Bxg6 Qxd1 29. Bxh5 Qd3 30. Qg4+ Kh8 0-1

[Event "Niedersachsen-ch B"]
[Site "Verden"]
[Date "2010.01.04"]
[Round "4.3"]
[White "Sawadkuhi, Massoud Amir"]
[Black "Langenfeld, Olaf"]
[Result "1-0"]
[WhiteElo "2227"]
[BlackElo "1992"]
[PlyCount "89"]
[EventDate "2010.01.??"]
[EventType "swiss"]
[EventRounds "7"]
[EventCountry "GER"]
[SourceDate "2005.10.24"]

1. e4 c5 2. Nf3 e6 3. c3 Nf6 4. Bd3 d5 5. e5 Nfd7 6. Bc2 Nc6 7. d4 Qb6 8. O-O
Be7 9. Re1 cxd4 10. cxd4 f6 11. exf6 Nxf6 12. Nc3 O-O 13. h3 Bd7 14. a3 Bd6 15.
Bg5 g6 16. b4 Nh5 17. b5 Na5 18. Bd3 Nf4 19. Na4 Qc7 20. Rc1 Qxc1 21. Qxc1 Nxd3
22. Qe3 Nxe1 23. Qxe1 Nc4 24. Nc5 Bxc5 25. dxc5 Rac8 26. a4 Rf5 27. Be7 Kf7 28.
Bd6 Nxd6 29. cxd6 b6 30. Qe3 Kf6 31. g4 Rxf3 32. Qxf3+ Kg7 33. g5 Rf8 34. Qc3+
Kg8 35. Qc7 Rf7 36. Qb8+ Kg7 37. Qa8 h5 38. h4 d4 39. Qe4 d3 40. Qxd3 Rf4 41.
Qc3+ Kg8 42. Qc7 Rf7 43. f4 Kg7 44. Kg2 e5 45. Qc3 1-0

[Event "Niedersachsen-ch B"]
[Site "Verden"]
[Date "2010.01.04"]
[Round "4.4"]
[White "Lossin, Sven Hendrik"]
[Black "Schuette, Marc"]
[Result "0-1"]
[WhiteElo "2067"]
[BlackElo "2242"]
[PlyCount "104"]
[EventDate "2010.01.??"]
[EventType "swiss"]
[EventRounds "7"]
[EventCountry "GER"]
[SourceDate "2005.10.24"]

1. d4 d5 2. Nf3 c6 3. c4 Nf6 4. Qc2 dxc4 5. Qxc4 Bf5 6. Nc3 Nbd7 7. g3 e6 8.
Bg2 Be7 9. O-O Ne4 10. Rd1 O-O 11. Be3 Qa5 12. a3 Nb6 13. Qb3 Nxc3 14. bxc3 Qd5
15. Qb2 Be4 16. a4 Nc4 17. Qxb7 Bd6 18. Ne1 Bxg2 19. Nxg2 Rfb8 20. Qd7 Nb6 21.
c4 Qxg2+ 22. Kxg2 Nxd7 23. d5 exd5 24. cxd5 c5 25. Bc1 Rb4 26. f3 f5 27. Ra2
Rab8 28. Rd3 Rc4 29. Be3 Kf7 30. Bf2 Rbb4 31. a5 a6 32. Be1 Rb1 33. Bd2 g6 34.
h4 Ne5 35. Rc3 Rxc3 36. Bxc3 Rb3 37. Bd2 Nc4 38. Bc1 Rb5 39. e4 Rxa5 40. Rc2
Ra4 41. Rc3 Be5 42. Rc2 fxe4 43. fxe4 Bd4 44. Bf4 h5 45. Rc1 Ra2+ 46. Kh3 Ne3
47. Bxe3 Bxe3 48. Rb1 Rd2 49. Rb7+ Kf8 50. Rb3 Bg1 51. g4 Bh2 52. Rb6 Be5 0-1

[Event "Niedersachsen-ch B"]
[Site "Verden"]
[Date "2010.01.04"]
[Round "4.5"]
[White "Kaphle, Stephan"]
[Black "Rieping, Heiner"]
[Result "1/2-1/2"]
[WhiteElo "2175"]
[BlackElo "1800"]
[PlyCount "53"]
[EventDate "2010.01.??"]
[EventType "swiss"]
[EventRounds "7"]
[EventCountry "GER"]
[SourceDate "2005.10.24"]

1. e4 d5 2. exd5 Qxd5 3. Nc3 Qa5 4. d4 Nf6 5. Bc4 Nc6 6. Nf3 Bg4 7. h3 Bh5 8.
g4 Bg6 9. Bd2 O-O-O 10. Nd5 Qa4 11. Bb3 Qa6 12. Nxf6 gxf6 13. c3 h5 14. g5 fxg5
15. Nxg5 e6 16. Qf3 Rd7 17. Rg1 Qd3 18. Qxd3 Bxd3 19. O-O-O Bf5 20. Rde1 Bh6
21. Bc2 Bxc2 22. Kxc2 Kd8 23. Ne4 Rd5 24. Bxh6 Rxh6 25. Rg5 Rxg5 26. Nxg5 Rf6
27. f3 1/2-1/2

[Event "Niedersachsen-ch B"]
[Site "Verden"]
[Date "2010.01.04"]
[Round "4.6"]
[White "Raum, Sebastian"]
[Black "Andre, Wolfgang"]
[Result "1/2-1/2"]
[WhiteElo "1910"]
[BlackElo "2208"]
[PlyCount "64"]
[EventDate "2010.01.??"]
[EventType "swiss"]
[EventRounds "7"]
[EventCountry "GER"]
[SourceDate "2005.10.24"]

1. e4 c5 2. Nf3 a6 3. Nc3 b5 4. d4 b4 5. Ne2 cxd4 6. Nexd4 Bb7 7. Bd3 e6 8. O-O
Qc7 9. a3 Nf6 10. Re1 bxa3 11. b3 Bb4 12. Bd2 Be7 13. b4 d5 14. e5 Ne4 15. Rxa3
Nd7 16. c3 O-O 17. Qc2 Rfc8 18. Bf4 Nf8 19. Re3 Qb6 20. Rb3 Rc7 21. Nd2 Ng6 22.
g3 a5 23. bxa5 Qxa5 24. Nxe4 dxe4 25. Bxe4 Bd5 26. Bxd5 Qxd5 27. Qe4 Ra1+ 28.
Kg2 Qc4 29. Rb8+ Bf8 30. Qd3 Qd5+ 31. Qe4 Qc4 32. Qd3 Qd5+ 1/2-1/2

[Event "Niedersachsen-ch B"]
[Site "Verden"]
[Date "2010.01.04"]
[Round "4.7"]
[White "Kiesel, Harald"]
[Black "Hagemann, Sven"]
[Result "1-0"]
[WhiteElo "2165"]
[BlackElo "2019"]
[PlyCount "81"]
[EventDate "2010.01.??"]
[EventType "swiss"]
[EventRounds "7"]
[EventCountry "GER"]
[SourceDate "2005.10.24"]

1. e4 c5 2. Nf3 e6 3. c3 Nf6 4. e5 Nd5 5. d4 cxd4 6. cxd4 d6 7. a3 Nc6 8. Bd3
Be7 9. O-O a6 10. Re1 dxe5 11. dxe5 Bd7 12. Nbd2 b5 13. Ne4 h6 14. Bd2 Qb6 15.
Nc3 Nxc3 16. Bxc3 b4 17. axb4 Bxb4 18. Qb3 a5 19. Be4 Rb8 20. Red1 Bc5 21. Qxb6
Bxb6 22. Rd6 Nb4 23. Bxb4 axb4 24. Rxb6 Rxb6 25. Ra8+ Ke7 26. Rxh8 Be8 27. g4
Ra6 28. Nd4 Ra1+ 29. Kg2 Rc1 30. b3 Rc3 31. h4 Rc1 32. f4 Rc8 33. h5 Rc3 34.
Kf2 Rc8 35. Rg8 Rc3 36. Rxg7 Kf8 37. Rh7 Rc1 38. Rh8+ Ke7 39. Rxh6 Rd1 40. Nc6+
Kd7 41. Rh8 1-0

[Event "Niedersachsen-ch B"]
[Site "Verden"]
[Date "2010.01.04"]
[Round "4.8"]
[White "Pautz, Peter"]
[Black "Neumair, Cedric"]
[Result "1/2-1/2"]
[WhiteElo "2026"]
[BlackElo "1842"]
[PlyCount "64"]
[EventDate "2010.01.??"]
[EventType "swiss"]
[EventRounds "7"]
[EventCountry "GER"]
[SourceDate "2005.10.24"]

1. d4 Nf6 2. Bg5 d5 3. Bxf6 gxf6 4. g3 e6 5. Bg2 c5 6. c4 dxc4 7. Qa4+ Bd7 8.
Qxc4 Bc6 9. Bxc6+ Nxc6 10. dxc5 Qa5+ 11. Qc3 Qxc3+ 12. Nxc3 Bxc5 13. Nf3 O-O-O
14. O-O Kb8 15. Rfd1 a6 16. Kg2 Kc7 17. e3 Be7 18. Rac1 Rxd1 19. Rxd1 Rd8 20.
Rxd8 Bxd8 21. g4 Kb6 22. Ne4 Be7 23. g5 f5 24. Nf6 h6 25. h4 hxg5 26. hxg5 Kb5
27. Kf1 a5 28. Ke2 a4 29. e4 fxe4 30. Nxe4 Kc4 31. Ke3 b5 32. Nfd2+ Kd5 1/2-1/2

[Event "Niedersachsen-ch B"]
[Site "Verden"]
[Date "2010.01.04"]
[Round "4.9"]
[White "Poelig, Juergen"]
[Black "Kaiser, Gerhard"]
[Result "1/2-1/2"]
[WhiteElo "1807"]
[BlackElo "1965"]
[PlyCount "91"]
[EventDate "2010.01.??"]
[EventType "swiss"]
[EventRounds "7"]
[EventCountry "GER"]
[SourceDate "2005.10.24"]

1. e4 d5 2. exd5 Qxd5 3. Nc3 Qd6 4. d4 Nf6 5. Nf3 a6 6. h3 Nc6 7. Bc4 Bf5 8.
O-O e6 9. Be3 O-O-O 10. Qe2 Kb8 11. a3 Nd5 12. Rfd1 Be7 13. Ne5 {(=)} Nxe5 14.
dxe5 Qc6 15. Bd2 Nb6 16. Bb3 h5 17. a4 Nd5 18. a5 Nxc3 19. Bxc3 Qe4 20. Qxe4
Bxe4 21. f3 Bc5+ 22. Kf1 {(=)} Bc6 23. Ke1 Bb5 24. Bd2 Be7 25. c4 Bc6 26. Ke2
Rd7 27. Bc3 Rhd8 28. Rxd7 Rxd7 29. Rd1 Rxd1 30. Bxd1 b5 31. axb6 cxb6 32. b4
Kb7 33. Bc2 Bd8 34. Ke3 a5 35. b5 Be8 36. f4 Be7 37. g4 hxg4 38. hxg4 Kc7 39.
g5 {(=)} g6 40. Ke4 Bd7 41. Ke3 Bc8 42. Ba4 Bb7 43. Kd3 Bg2 44. Ke2 Bc5 45. Bb3
Be4 46. Bd2 1/2-1/2

[Event "Niedersachsen-ch B"]
[Site "Verden"]
[Date "2010.01.04"]
[Round "4.10"]
[White "Eschholz, Enno"]
[Black "Kausche, Peter W"]
[Result "1-0"]
[WhiteElo "2198"]
[BlackElo "1549"]
[PlyCount "25"]
[EventDate "2010.01.??"]
[EventType "swiss"]
[EventRounds "7"]
[EventCountry "GER"]
[SourceDate "2005.10.24"]

1. e4 g6 2. d4 Bg7 3. Nc3 e6 4. Be3 Ne7 5. Qd2 d5 6. O-O-O dxe4 7. Nxe4 Nf5 8.
Bg5 Qxd4 9. Qb4 Qxb2+ 10. Qxb2 Bxb2+ 11. Kxb2 O-O 12. g4 Ng7 13. Be7 1-0

[Event "Niedersachsen-ch B"]
[Site "Verden"]
[Date "2010.01.04"]
[Round "4.11"]
[White "Modder, Frank"]
[Black "Hoellmann, Ludger"]
[Result "0-1"]
[WhiteElo "1924"]
[BlackElo "2237"]
[PlyCount "78"]
[EventDate "2010.01.??"]
[EventType "swiss"]
[EventRounds "7"]
[EventCountry "GER"]
[SourceDate "2005.10.24"]

1. d4 d6 2. Bf4 g6 3. Nf3 Bg7 4. e3 Nd7 5. h3 Nh6 6. Be2 O-O 7. O-O e5 8. Bh2
f6 9. c4 Nf7 10. Nc3 c6 11. Qc2 Qe7 12. a3 f5 13. Rfd1 Ng5 14. Qd2 Nxf3+ 15.
Bxf3 f4 16. exf4 exd4 17. Ne4 Nc5 18. Nxc5 dxc5 19. Re1 Qf7 20. Qd3 Bf5 21. Be4
Rae8 22. f3 Be6 23. b3 Bh6 24. Re2 Kg7 25. Rae1 Bd7 26. Qd1 Bxf4 27. Bxf4 Qxf4
28. Qd3 Qg3 29. b4 Bxh3 30. bxc5 Rd8 31. Rb1 {
Ab hier wohl wegen heftiger Zeitnot nur noch schwer rekonstruierbar.} Bc8 32.
Rbe1 Qg5 33. Kf2 Qh4+ 34. Kg1 Rf7 35. a4 Qg5 36. a5 a6 37. Kf2 Qxc5 38. Rh1 Rg8
39. Rhe1 Qxa5 0-1

[Event "Niedersachsen-ch B"]
[Site "Verden"]
[Date "2010.01.04"]
[Round "4.12"]
[White "Woellermann, Ludger"]
[Black "Renner, Kai"]
[Result "0-1"]
[WhiteElo "1820"]
[BlackElo "2191"]
[PlyCount "70"]
[EventDate "2010.01.??"]
[EventType "swiss"]
[EventRounds "7"]
[EventCountry "GER"]
[SourceDate "2005.10.24"]

1. Nf3 f5 2. g3 Nf6 3. d3 g6 4. Bg2 Bg7 5. O-O d6 6. Nc3 O-O 7. e4 Nc6 8. Bg5
h6 9. Bxf6 Bxf6 10. d4 Bg7 11. exf5 Bxf5 12. Nd5 Be4 13. Ne3 e6 14. c3 Qf6 15.
Ne1 Bxg2 16. N1xg2 Qf7 17. f4 Rae8 18. Qd3 Ne7 19. a3 Nf5 20. Rae1 d5 21. Nxf5
exf5 22. Nh4 Re4 23. Nf3 Rfe8 24. Kf2 Qe6 25. Ne5 c6 26. Qd1 Bf6 27. h4 Kg7 28.
Qf3 c5 29. Qd1 cxd4 30. cxd4 Qb6 31. Rxe4 dxe4 32. Qa4 Qxb2+ 33. Kg1 Rd8 34.
Rd1 e3 35. Qxa7 Bxe5 0-1

[Event "Niedersachsen-ch B"]
[Site "Verden"]
[Date "2010.01.04"]
[Round "4.13"]
[White "Guennigmann, Manuel"]
[Black "Kimmich, Bernd"]
[Result "1-0"]
[WhiteElo "2164"]
[BlackElo "1928"]
[PlyCount "45"]
[EventDate "2010.01.??"]
[EventType "swiss"]
[EventRounds "7"]
[EventCountry "GER"]
[SourceDate "2005.10.24"]

1. e4 d5 2. exd5 Qxd5 3. Nc3 Qa5 4. Bc4 Bf5 5. d3 c6 6. Bd2 Nd7 7. Nge2 e6 8.
O-O Ngf6 9. Ng3 Bg6 10. Nce4 Qc7 11. f4 Bxe4 12. Nxe4 Nxe4 13. dxe4 Qb6+ 14.
Kh1 Qxb2 15. f5 Qe5 16. fxe6 fxe6 17. Bf4 Qxe4 18. Bxe6 O-O-O 19. Qg4 Bc5 20.
Rad1 Bd4 21. Rfe1 h5 22. Bxd7+ Rxd7 23. Qxd7+ 1-0

[Event "Niedersachsen-ch B"]
[Site "Verden"]
[Date "2010.01.04"]
[Round "4.14"]
[White "Pundt, Wilfried"]
[Black "Wittfoth, Kai Uve"]
[Result "0-1"]
[WhiteElo "1934"]
[BlackElo "2156"]
[PlyCount "180"]
[EventDate "2010.01.??"]
[EventType "swiss"]
[EventRounds "7"]
[EventCountry "GER"]
[SourceDate "2005.10.24"]

1. e4 c6 2. d4 d5 3. Nc3 a6 4. Bd3 dxe4 5. Nxe4 Qxd4 6. Nf3 Qd8 7. Qe2 Bf5 8.
Bf4 Bxe4 9. Bxe4 Nf6 10. Bd3 Nd5 11. Bd2 Nd7 12. O-O e6 13. Rfd1 Qc7 14. g3 Be7
15. a3 h6 16. c4 N5f6 17. Rac1 O-O 18. Bb1 Rfe8 19. Bc3 Rad8 20. Qc2 Nf8 21.
Re1 N6d7 22. b4 Bf6 23. Bd2 Ne5 24. Nxe5 Bxe5 25. Be3 Bd4 26. c5 Bxe3 27. Rxe3
Rd4 28. Qe2 Red8 29. Re1 Qd7 30. Be4 Nh7 31. Bxh7+ Kxh7 32. Qf3 Kg8 33. h4 Qd5
34. Kg2 Qxf3+ 35. Kxf3 h5 36. Re5 R8d5 37. R5e4 Rd3+ 38. R4e3 Kf8 39. Kf4 Rd2
40. f3 R2d4+ 41. Re4 Rd3 42. R4e3 Ke7 43. g4 hxg4 44. fxg4 g6 45. Rh1 g5+ 46.
Kf3 gxh4 47. Rxh4 Rxe3+ 48. Kxe3 Rd1 49. Rh8 Kf6 50. Rb8 Rd7 51. Rg8 Ke5 52.
Rh8 f5 53. gxf5 exf5 54. Re8+ Kf6 55. Rf8+ Rf7 56. Rd8 Ke5 57. Kf3 Re7 58. Rd1
Rh7 59. Re1+ Kf6 60. Rd1 Rh3+ 61. Kf4 Rxa3 62. Rd7 Rb3 63. Rxb7 a5 64. Rc7
Rxb4+ 65. Kf3 Rc4 66. Rxc6+ Ke5 67. Rc8 Rc3+ 68. Kf2 Kd5 69. Rf8 Ke6 70. Re8+
Kd5 71. Rf8 Ke4 72. Rc8 Rc2+ 73. Ke1 f4 74. c6 Ke3 75. Kd1 Rc5 76. c7 Kf3 77.
Ke1 a4 78. Kd2 a3 79. Ra8 Rxc7 80. Rxa3+ Kf2 81. Kd3 Re7 82. Ra2+ Kg3 83. Ra8
f3 84. Rg8+ Kh3 85. Rf8 Kg2 86. Rg8+ Kf1 87. Kd2 Kf2 88. Kd3 Rd7+ 89. Ke4 Ke2
90. Kf4 f2 0-1

[Event "Niedersachsen-ch B"]
[Site "Verden"]
[Date "2010.01.04"]
[Round "4.16"]
[White "Gruender, Michael"]
[Black "Stotyn, Fabian"]
[Result "1-0"]
[WhiteElo "1980"]
[BlackElo "2052"]
[PlyCount "73"]
[EventDate "2010.01.??"]
[EventType "swiss"]
[EventRounds "7"]
[EventCountry "GER"]
[SourceDate "2005.10.24"]

1. Nf3 d5 2. b4 e5 3. Nxe5 Bxb4 4. c4 Be7 5. Bb2 Nf6 6. e3 O-O 7. Nc3 d4 8. Nb5
dxe3 9. fxe3 a6 10. Nd4 Nbd7 11. Nef3 Ne4 12. Be2 Bh4+ 13. g3 Bf6 14. Qc2 Ndc5
15. d3 Ng5 16. O-O Re8 17. Nxg5 Bxg5 18. Nf5 Bxf5 19. Rxf5 Bxe3+ 20. Kg2 Qd7
21. Raf1 Qa4 22. Qb1 f6 23. Bf3 c6 24. d4 Nd7 25. Bd1 Qb4 26. Bb3 c5 27. Rd5
Nb6 28. Rxc5 Qd2+ 29. Kh1 Bxd4 30. Bxd4 Qxd4 31. Rh5 g6 32. Rh4 Qc5 33. Rxf6
Qe5 34. Rxb6 Rad8 35. c5+ Kh8 36. Rxh7+ Kxh7 37. Qxg6+ 1-0

[Event "Niedersachsen-ch B"]
[Site "Verden"]
[Date "2010.01.04"]
[Round "4.17"]
[White "Brunotte, Peter"]
[Black "Kuenitz, Bernhard"]
[Result "1-0"]
[WhiteElo "1991"]
[BlackElo "1920"]
[PlyCount "47"]
[EventDate "2010.01.??"]
[EventType "swiss"]
[EventRounds "7"]
[EventCountry "GER"]
[SourceDate "2005.10.24"]

1. e4 e5 2. Nf3 Nc6 3. Bb5 d6 4. O-O Bd7 5. c3 Nf6 6. Re1 Be7 7. d4 exd4 8.
cxd4 O-O 9. Nc3 a6 10. Bd3 Bg4 11. Be3 Bh5 12. h3 Bg6 13. a3 Re8 14. Rc1 h6 15.
e5 dxe5 16. Bxg6 fxg6 17. Qb3+ Kh7 18. dxe5 Ng8 19. Qxb7 Na5 20. Qd5 c5 21.
Qxd8 Raxd8 22. Ne4 Rb8 23. Re2 Rec8 24. Nxc5 1-0

[Event "Niedersachsen-ch B"]
[Site "Verden"]
[Date "2010.01.04"]
[Round "4.18"]
[White "Meyer, Juergen"]
[Black "Celik, Abdullah"]
[Result "1-0"]
[WhiteElo "2093"]
[BlackElo "1793"]
[PlyCount "81"]
[EventDate "2010.01.??"]
[EventType "swiss"]
[EventRounds "7"]
[EventCountry "GER"]
[SourceDate "2005.10.24"]

1. e4 c5 2. Nf3 d6 3. d4 cxd4 4. Nxd4 Nf6 5. Nc3 g6 6. Be3 Bg7 7. f3 Nc6 8. Bc4
O-O 9. Qd2 Bd7 10. h4 h5 11. O-O-O Rc8 12. Bb3 Na5 13. Bg5 Nxb3+ 14. axb3 Bc6
15. Bh6 Qa5 16. Kb1 Bxh6 17. Qxh6 d5 18. e5 Ne8 19. g4 Ng7 20. Rdg1 Qb6 21.
Nxc6 Qxc6 22. gxh5 Nxh5 23. Qxh5 d4 24. e6 Qxe6 25. Ne4 d3 26. cxd3 Kg7 27. Qg5
Qxb3 28. Nc3 Rc6 29. h5 Rb6 30. Qd2 Rd8 31. hxg6 fxg6 32. Rh2 Rc8 33. Re1 Re6
34. Qh6+ Kf7 35. Rxe6 Qxe6 36. Ne4 Ke8 37. Qh8+ Kd7 38. Qd4+ Kc7 39. Qxa7 Qb3
40. Rc2+ Kd7 41. Qd4+ 1-0

[Event "Niedersachsen-ch B"]
[Site "Verden"]
[Date "2010.01.04"]
[Round "4.19"]
[White "Kessens, Felix Magnus"]
[Black "Jung, Gerald"]
[Result "0-1"]
[WhiteElo "1782"]
[BlackElo "2048"]
[PlyCount "114"]
[EventDate "2010.01.??"]
[EventType "swiss"]
[EventRounds "7"]
[EventCountry "GER"]
[SourceDate "2005.10.24"]

1. e4 c5 2. c3 Qa5 3. Bc4 Nc6 4. Nf3 b5 5. Bb3 Bb7 6. O-O e6 7. Re1 c4 8. Bc2
Bc5 9. d4 cxd3 10. Qxd3 Qb6 11. Re2 b4 12. Be3 Nge7 13. Bxc5 Qxc5 14. a3 bxa3
15. Nxa3 a5 16. Rd2 d5 17. exd5 Nxd5 18. Re1 Rd8 19. Nd4 Nf6 20. Qb5 Qxb5 21.
Naxb5 O-O 22. Rde2 Rd5 23. Nxc6 Bxc6 24. Nd4 Bb7 25. Re5 Rfd8 26. Bb3 Rxe5 27.
Rxe5 Nd5 28. Bxd5 Bxd5 29. f3 a4 30. Kf2 Rb8 31. Re2 Kf8 32. Rd2 Rb6 33. g3 g6
34. f4 f6 35. Ke3 Ke7 36. Nf3 Bxf3 37. Kxf3 Rd6 38. Rxd6 Kxd6 39. Ke4 Kc5 40.
Kd3 e5 41. Ke4 exf4 42. gxf4 Kc4 43. h4 h6 44. h5 g5 45. Kf3 gxf4 46. Kxf4 Kb3
47. Kf5 Kxb2 48. Kxf6 Kxc3 49. Kg6 a3 50. Kxh6 a2 51. Kh7 a1=Q 52. h6 Kd4 53.
Kg8 Qa8+ 54. Kg7 Qb7+ 55. Kg8 Qc8+ 56. Kg7 Qd7+ 57. Kh8 Qf7 0-1

[Event "Niedersachsen-ch B"]
[Site "Verden"]
[Date "2010.01.04"]
[Round "4.20"]
[White "Schneider, Alexander2 (1942)"]
[Black "Hartogh, Theo"]
[Result "1-0"]
[WhiteElo "1953"]
[BlackElo "1833"]
[PlyCount "63"]
[EventDate "2010.01.??"]
[EventType "swiss"]
[EventRounds "7"]
[EventCountry "GER"]
[SourceDate "2005.10.24"]

1. c4 g6 2. Nc3 Bg7 3. d4 Nf6 4. e4 d6 5. f4 O-O 6. Nf3 c5 7. d5 Nbd7 8. Bd3 a6
9. O-O Qc7 10. Qc2 e6 11. dxe6 fxe6 12. f5 gxf5 13. exf5 e5 14. Ng5 Nb8 15. Nd5
Nxd5 16. cxd5 Bf6 17. Ne6 Bxe6 18. fxe6 e4 19. Be2 Bd4+ 20. Kh1 Rxf1+ 21. Bxf1
e3 22. Qe4 Qe7 23. Rb1 a5 24. Bxe3 Bxe3 25. Qxe3 Na6 26. Bxa6 bxa6 27. Qg3+ Kh8
28. Re1 Rf8 29. h3 Rf5 30. Qd3 Rg5 31. Rf1 Re5 32. Qxa6 1-0

[Event "Niedersachsen-ch B"]
[Site "Verden"]
[Date "2010.01.04"]
[Round "4.21"]
[White "Oehne, Ingo"]
[Black "Kaiser, Jonas"]
[Result "1/2-1/2"]
[WhiteElo "1900"]
[BlackElo "1939"]
[PlyCount "39"]
[EventDate "2010.01.??"]
[EventType "swiss"]
[EventRounds "7"]
[EventCountry "GER"]
[SourceDate "2005.10.24"]

1. d4 d5 2. Bg5 Nf6 3. e3 e6 4. c3 Be7 5. Bd3 h6 6. Bh4 O-O 7. Nd2 Nbd7 8. Ngf3
b6 9. O-O Bb7 10. Qe2 c5 11. c4 Ne4 12. Bxe7 Qxe7 13. cxd5 exd5 14. Rac1 Rfd8
15. Rfd1 Rac8 16. Bb1 Nb8 17. dxc5 Ba6 18. Bd3 Bxd3 19. Qxd3 Nxc5 20. Qa3
1/2-1/2

[Event "Niedersachsen-ch B"]
[Site "Verden"]
[Date "2010.01.04"]
[Round "4.22"]
[White "Guede, Klaus"]
[Black "Davydov, Mihail"]
[Result "1/2-1/2"]
[WhiteElo "1764"]
[BlackElo "2061"]
[PlyCount "86"]
[EventDate "2010.01.??"]
[EventType "swiss"]
[EventRounds "7"]
[EventCountry "GER"]
[SourceDate "2005.10.24"]

1. d4 Nf6 2. c4 g6 3. Nc3 d5 4. cxd5 Nxd5 5. e4 Nxc3 6. bxc3 Bg7 7. Bc4 c5 8.
Be3 Nc6 9. Ne2 cxd4 10. cxd4 O-O 11. Rc1 Na5 12. Bd3 b6 13. h4 h5 14. Qd2 Bd7
15. Bh6 Rc8 16. O-O e6 17. Bg5 Bf6 18. Ba6 Rc6 19. Bd3 Qe7 20. d5 Rxc1 21. Rxc1
Rc8 22. dxe6 Rxc1+ 23. Qxc1 Bxe6 24. Nc3 Bxg5 25. Qxg5 Qxg5 26. hxg5 Kf8 27. f4
Ke7 28. f5 Bc4 29. Nd5+ Bxd5 30. exd5 gxf5 31. Bxf5 Kd6 32. g6 fxg6 33. Bxg6 h4
34. Bf7 Nc4 35. Kf2 b5 36. Be6 b4 37. Kf3 Ke5 38. Kg4 Ne3+ 39. Kxh4 Nxg2+ 40.
Kg3 a5 41. Kxg2 a4 42. Bg8 b3 43. axb3 axb3 1/2-1/2

[Event "Niedersachsen-ch B"]
[Site "Verden"]
[Date "2010.01.04"]
[Round "4.23"]
[White "Pollmann, Sascha"]
[Black "Palmer, Harald"]
[Result "1/2-1/2"]
[WhiteElo "2025"]
[BlackElo "1878"]
[PlyCount "240"]
[EventDate "2010.01.??"]
[EventType "swiss"]
[EventRounds "7"]
[EventCountry "GER"]
[SourceDate "2005.10.24"]

1. Nf3 d5 2. g3 b6 3. Bg2 Bb7 4. O-O Nf6 5. c4 e6 6. b3 Be7 7. Bb2 O-O 8. d3 c5
9. cxd5 exd5 10. Nbd2 Nc6 11. a3 Qc7 12. Rc1 d4 13. b4 Ne5 14. Bxd4 Nxf3+ 15.
Nxf3 Qd7 16. Bxf6 gxf6 17. Qd2 cxb4 18. axb4 a5 19. bxa5 bxa5 20. Rc4 Rfc8 21.
Rh4 Bf8 22. Bh3 Qd5 23. Qf4 Bg7 24. Rg4 Qd8 25. Qh6 Qf8 26. Qxf6 Rc6 27. Qf4
Kh8 28. Nh4 Rf6 29. Qc7 Qc8 30. Rc4 Qxc7 31. Rxc7 Bd5 32. Rfc1 Kg8 33. Rc8+
Rxc8 34. Rxc8+ Bf8 35. Nf5 Be6 36. Ne7+ Kg7 37. Bxe6 Bxe7 38. Bc4 a4 39. e3 Rb6
40. Rc7 Kf8 41. Ra7 a3 42. Kg2 Rb2 43. Kf3 h6 44. h4 Ke8 45. Ra8+ Kd7 46. Bxf7
Bb4 47. Bc4 Be1 48. Rxa3 Rxf2+ 49. Ke4 Rg2 50. Ra7+ Kd8 51. Rg7 h5 52. Kf3 Rf2+
53. Ke4 Rg2 54. Rg5 Rxg3 {(=)} 55. Rxh5 Rg4+ 56. Kd5 Rxh4 57. Rf5 Bd2 58. e4
Rg4 59. Rf7 Rg5+ 60. e5 Bc3 61. d4 Rg4 62. e6 Rxd4+ 63. Kc5 Re4 {(=)} 64. Rd7+
Ke8 65. Rh7 Bb2 66. Bb5+ Kd8 67. Rd7+ Kc8 68. Ba6+ Kb8 69. Rb7+ Ka8 70. Rxb2
Rxe6 71. Bb7+ Ka7 72. Bd5 Rb6 73. Rh2 Rb1 74. Rh7+ (74. Ra2+ Kb8 75. Kd6 Kc8
$18) 74... Kb8 75. Kd6 Rc1 76. Rh8+ Rc8 77. Rh2 Ka7 78. Bc6 Rg8 79. Ra2+ Kb6
80. Rb2+ Ka5 81. Kc5 Rg5+ 82. Bd5 Rg4 83. Rb8 Rg6 84. Be4 Rg5+ {(=)} 85. Bd5
Rg6 86. Rb5+ Ka4 87. Bb3+ Ka3 88. Rb8 Rg5+ 89. Bd5 Rg3 90. Be4 Rc3+ 91. Kd4 Rb3
92. Ra8+ Kb2 93. Ra4 Rb8 94. Rc4 Rd8+ 95. Bd5 Rh8 96. Rb4+ Ka3 97. Rb7 Rh4+ 98.
Kc5 Rh8 99. Rb3+ Ka4 100. Rb1 Rc8+ 101. Bc6+ Ka3 102. Rg1 Kb2 103. Rg6 Kc3 104.
Rd6 Rh8 105. Be4 Rh5+ 106. Bd5 Rh8 107. Rc6 Kd2 108. Kd4 Rd8 109. Ra6 Rh8 110.
Ra2+ Kc1 111. Rg2 Rh4+ 112. Be4 Rh8 113. Ke3 Rh3+ 114. Bf3 Rh8 115. Re2 Re8+
116. Be4 Rd8 117. Rc2+ Kd1 118. Rc3 Ke1 119. Rc1+ Rd1 120. Rc2 Rd8 1/2-1/2

[Event "Niedersachsen-ch B"]
[Site "Verden"]
[Date "2010.01.04"]
[Round "4.24"]
[White "Merettig, Georg"]
[Black "Jacobi, Felix Hagen"]
[Result "1/2-1/2"]
[WhiteElo "1958"]
[BlackElo "1901"]
[PlyCount "91"]
[EventDate "2010.01.??"]
[EventType "swiss"]
[EventRounds "7"]
[EventCountry "GER"]
[SourceDate "2005.10.24"]

1. Nc3 e5 2. b3 d5 3. e4 d4 4. Nce2 Be6 5. f4 f6 6. Nf3 Bd6 7. d3 h6 8. Nh4 Ne7
9. Ng3 Nbc6 10. Be2 exf4 11. Nh5 g5 12. Ng7+ Kf7 13. Nxe6 Kxe6 14. Bg4+ Kf7 15.
Nf5 Nxf5 16. Bxf5 h5 17. O-O Ne7 18. Bb2 Nxf5 19. exf5 Be5 20. Rc1 Qd7 21. Qf3
c6 22. Qe4 Rad8 23. Rce1 Rhe8 24. h3 Kg7 25. g4 hxg4 26. hxg4 Rh8 27. Kg2 Rh4
28. Qf3 Rdh8 29. Rh1 Kf8 30. Ba3+ Ke8 31. Rxh4 Rxh4 32. Rh1 Rxh1 33. Kxh1 Qh7+
34. Kg2 Kd7 35. Bb4 Qh4 36. Bd2 Kc7 37. Kf1 Qh2 38. Qg2 Qxg2+ 39. Kxg2 c5 40.
Kf3 Kc6 41. Ke4 Bc7 42. Be1 b5 43. c3 Ba5 44. b4 cxb4 45. cxb4 Bb6 46. Bf2
1/2-1/2